00443nam a2200169Ia 4500003000400000008004100004040001600045082001300061100001800074245003600092260004600128300001000174490003500184650000900219650001300228650003200241GCL140319s9999 xx 000 0 eng d aGCL / cGCL04a759bN P1 aNERET, GILLES10aPOBLO PICASSO / cNERET, GILLES a[S.N] : bEDITIONS DE VERGEURES ، c1981 a56 PP aL'ECOLE DES GRANDS PEINTRESv004aARTS04aPAINTING04aPICASSO, PABLO, 1881 - 1973